Design of concrete structures (Record no. 3622)

000 -LEADER
fixed length control field 00547nam a22002057a 4500
001 - CONTROL NUMBER
control field 3622
003 - CONTROL NUMBER IDENTIFIER
control field BD-DhUET
008 - FIXED-LENGTH DATA ELEMENTS--GENERAL INFORMATION
fixed length control field 141102b xxu||||| |||| 00| 0 eng d
040 ## - CATALOGING SOURCE
Transcribing agency 0
Modifying agency BD-DhUET
082 ## - DEWEY DECIMAL CLASSIFICATION NUMBER
Classification number 624.183
Item number WIN/1972
100 ## - MAIN ENTRY--PERSONAL NAME
Personal name Winter, George
245 ## - TITLE STATEMENT
Title Design of concrete structures
Statement of responsibility, etc. by George Winter and Arthur H. Nilson
250 ## - EDITION STATEMENT
Edition statement 8th ed.
260 ## - PUBLICATION, DISTRIBUTION, ETC. (IMPRINT)
Place of publication, distribution, etc. New York
Name of publisher, distributor, etc. McGraw-Hill
Date of publication, distribution, etc. 1972
300 ## - PHYSICAL DESCRIPTION
Extent xii,615p.
504 ## - BIBLIOGRAPHY, ETC. NOTE
Bibliography, etc Includes bibliographies
650 #0 - SUBJECT ADDED ENTRY--TOPICAL TERM
Topical term or geographic name as entry element Reinforced concrete
700 ## - ADDED ENTRY--PERSONAL NAME
Personal name Nilson, Arthur H.
942 ## - ADDED ENTRY ELEMENTS (KOHA)
Koha item type General Book
Holdings
Date acquired Withdrawn status Koha date last seen Damaged status Source of classification or shelving scheme Shelving location Price effective from Koha normalized classification for sorting Piece designation (barcode) Not for loan Location (home branch) Sublocation or collection (holding branch) Lost status Koha full call number Copy number Koha item type Koha date last borrowed Koha issues (times borrowed)
2014-11-02 2025-06-18  Circulation section2014-11-02624_183000000000000_WIN_197239870 Central Library, BUETCentral Library, BUET 624.183/WIN/19721General Book2025-05-262
2014-11-02 2025-05-28  Circulation section2014-11-02624_000000000000000_183WIN197244253 Central Library, BUETCentral Library, BUET 624.183/WIN/19722General Book2025-05-261
2014-11-18 2014-11-18  Circulation section2014-11-18624_000000000000000_183WIN197239869 Central Library, BUETCentral Library, BUET 624.183/WIN/19723General Book  
2014-11-18 2014-11-18  Circulation section2014-11-18624_000000000000000_183WIN197239871 Central Library, BUETCentral Library, BUET 624.183/WIN/19724General Book  
2015-02-22 2025-06-28  Circulation section2015-02-22624_183000000000000_WIN_197242844 Central Library, BUETCentral Library, BUET 624.183/WIN/19725General Book2025-05-272
2015-02-22 2015-02-22  Circulation section2015-02-22624_183000000000000_WIN_197254930 Central Library, BUETCentral Library, BUET 624.183/WIN/19726General Book  
2015-05-07 2025-05-27  Circulation section2015-05-07624_183000000000000_WIN_197245112 Central Library, BUETCentral Library, BUET 624.183/WIN/19727General Book2025-05-261